MARC details
| 000 -CABECERA |
| campo de control de longitud fija |
00763cam a2200205 a 4500 |
| 001 - NÚMERO DE CONTROL |
| campo de control |
000002788 |
| 005 - FECHA Y HORA DE LA ÚLTIMA TRANSACCIÓN |
| campo de control |
20200929150245.0 |
| 008 - DATOS DE LONGITUD FIJA--INFORMACIÓN GENERAL |
| campo de control de longitud fija |
750819s1970 ve 001 0 spa |
| 040 ## - FUENTE DE LA CATALOGACIÓN |
| Centro catalogador/agencia de origen |
DO-SdBNP |
| Centro/agencia transcriptor |
FU |
| Centro/agencia modificador |
DLC |
| 082 ## - NÚMERO DE LA CLASIFICACIÓN DECIMAL DEWEY |
| Número de clasificación |
VE863.08 |
| Número de documento/Ítem |
R696o |
| 100 1# - ENTRADA PRINCIPAL--NOMBRE DE PERSONA |
| Nombre de persona |
Rodríguez Rodriguez, Adolfo, |
| Fechas asociadas al nombre |
1938- |
| 9 (RLIN) |
8797 |
| 245 10 - MENCIÓN DE TÍTULO |
| Título |
Oriente en la obra de Romulo Gallegos / |
| Mención de responsabilidad, etc. |
Adolfo Rodríguez Rodríguez. |
| 260 ## - PUBLICACIÓN, DISTRIBUCIÓN, ETC. |
| Lugar de publicación, distribución, etc. |
Caracas, : |
| Nombre del editor, distribuidor, etc. |
Ministerio de Educación, Dirección General, Departamento de Publicaciones, |
| Fecha de publicación, distribución, etc. |
1970. |
| 300 ## - DESCRIPCIÓN FÍSICA |
| Extensión |
142 p. : |
| Otras características físicas |
il. ; |
| Dimensiones |
22 cm. |
| 504 ## - NOTA DE BIBLIOGRAFÍA, ETC. |
| Nota de bibliografía, etc. |
Incluye referencias bibliográficas. |
| 600 14 - PUNTO DE ACCESO ADICIONAL DE MATERIA--NOMBRE DE PERSONA |
| Nombre de persona |
GALLEGOS FREIRE, RÓMULO, |
| Fechas asociadas al nombre |
1884 -1969 |
| 9 (RLIN) |
8798 |
| 650 #4 - PUNTO DE ACCESO ADICIONAL DE MATERIA--TÉRMINO DE MATERIA |
| Término de materia o nombre geográfico como elemento de entrada |
Cuentos |
| Subdivisión general |
Colecciones |
| 9 (RLIN) |
8799 |
| 650 #4 - PUNTO DE ACCESO ADICIONAL DE MATERIA--TÉRMINO DE MATERIA |
| Término de materia o nombre geográfico como elemento de entrada |
Historias |
| Subdivisión general |
Cuentos |
| 9 (RLIN) |
8800 |
| 910 ## - DATOS DE OPCIÓN DEL USUARIO (OCLC) |
| Datos de opción del usuario |
Catalogación por copia / LC |